000 00221nam a2200085Ia 4500
008 120527s9999 xx 000 0 und d
100 _aRainen, G. hal
245 _aUnderstanding and managing public organisation
942 _cBK
999 _c27202
_d27202